000
00326nam a2200109Ia 4500
008
160523s9999 xx 000 0 und d
245
_a
Mind, Body, World: Foundations of Cognitive Science
245
_c
Michael R. W. Dawson
260
_c
2013
650
_x
Psychology.
856
_u
http://www.aupress.ca/index.php/books/120227
999
_c
294790
_d
294790